Statistics for Melanie Martinez Lyrics: SPIDER WEB

Click here to take the quiz!

General Stats

  • This quiz has been taken 103 times
  • The average score is 216 of 258

Answer Stats

Answer% Correct
a
97%
the
96%
web
96%
i
94%
who
94%
and
93%
spider
93%
all
92%
of
92%
they
92%
to
92%
world
92%
you
92%
build
90%
eight
90%
in
90%
legs
90%
will
90%
your
90%
be
89%
butterfly
89%
like
89%
move
89%
that
89%
then
89%
moth
87%
or
87%
spinning
87%
spread
87%
through
87%
dead
86%
eat
86%
off
86%
once
86%
wind
86%
better
85%
can
85%
change
85%
craving
85%
moving
85%
my
85%
silk
85%
leave
83%
no
83%
one
83%
see
83%
than
83%
they're
83%
by
82%
cycle
82%
just
82%
stuck
82%
highs
80%
hours
80%
insects
80%
lows
80%
merge
80%
that'll
80%
wasting
80%
watching
80%
did
79%
flies
79%
gift
79%
oh,
79%
where
79%
center
77%
flying
77%
life
77%
may
77%
maze
77%
never
77%
power
77%
shouldn't
77%
their
77%
curious
76%
seem
76%
strip
76%
struggle
76%
wish
76%
with
76%
die
75%
feeding
75%
stolen
75%
swirl
75%
this
75%
arrive,
73%
flexing
73%
i'm
73%
our
73%
pit
73%
ask
72%
didn't
72%
for
72%
it
72%
not
72%
pricks
72%
us
72%
from
70%
scared
70%
them
70%
too
70%
you'll
70%
enemy
69%
insides
69%
myself
69%
visibility
69%
wrap
69%
dangerous
68%
it'll
68%
night,
68%
perceived
68%
sleep
68%
tight
68%
addiction
66%
eyes
66%
feeling
66%
hiding
66%
securing
66%
spot
66%
up
66%
first
65%
liquify
65%
lifeless
63%
big
62%
bite,
62%
bound
62%

Score Distribution

Percentile by Number Answered

Percent of People with Each Score

Your Score History

You have not taken this quiz